[Event "35t. Copenhagen Open (Politiken Cup)"]
[Site "Elsinore"]
[Date "2013.08.03"]
[Round "9"]
[White "Jorgensen, Orla Eilegaard"]
[Black "Andersen, Claus"]
[Result "0-1"]
[WhiteElo "1614"]
[BlackElo "1806"]
[PlyCount "44"]
[EventDate "2013.07.27"]
[EventType "swiss"]
[EventRounds "10"]
[EventCountry "DEN"]
[Source "ChessBase"]
[SourceDate "2013.08.26"]

1. Nf3 Nf6 2. d4 g6 3. Bg5 Bg7 4. Bxf6 Bxf6 5. c4 c5 6. e3 Nc6 7. Nc3 O-O 8.
Qd2 d6 9. h3 cxd4 10. exd4 Bf5 11. g4 Bd7 12. g5 Bg7 13. h4 Bg4 14. Be2 Rb8 15.
Nh2 Bxe2 16. Nxe2 Qb6 17. Nf3 e5 18. dxe5 dxe5 19. Rb1 e4 20. Nh2 Ne5 21. Qc2
Nd3+ 22. Kd2 Rbd8 0-1

[Event "35t. Copenhagen Open (Politiken Cup)"]
[Site "Elsinore"]
[Date "2013.08.03"]
[Round "9"]
[White "Jorgensen, Rasmus"]
[Black "Christophersen, David"]
[Result "1-0"]
[WhiteElo "2064"]
[BlackElo "1818"]
[PlyCount "53"]
[EventDate "2013.07.27"]
[EventType "swiss"]
[EventRounds "10"]
[EventCountry "DEN"]
[Source "ChessBase"]
[SourceDate "2013.08.26"]

1. c4 g6 2. g3 Bg7 3. Bg2 Nc6 4. Nc3 e6 5. e4 b6 6. Nge2 Bb7 7. d4 Nge7 8. Be3
Na5 9. b3 d5 10. O-O dxc4 11. bxc4 O-O 12. Qa4 Ba6 13. c5 Bxe2 14. Nxe2 Nec6
15. Rac1 b5 16. Qxb5 Rb8 17. Qa6 Rb2 18. Nc3 Bxd4 19. Bxd4 Qxd4 20. e5 Qd7 21.
Bxc6 Nxc6 22. Ne4 f5 23. Rfd1 Nd4 24. Nf6+ Rxf6 25. exf6 Qd5 26. Rxd4 Qxd4 27.
Qxe6+ 1-0

[Event "35t. Copenhagen Open (Politiken Cup)"]
[Site "Elsinore"]
[Date "2013.08.03"]
[Round "9"]
[White "Karlsson, Ulf"]
[Black "Pedersen, Carl Aage"]
[Result "1-0"]
[WhiteElo "1973"]
[BlackElo "1734"]
[PlyCount "87"]
[EventDate "2013.07.27"]
[EventType "swiss"]
[EventRounds "10"]
[EventCountry "DEN"]
[Source "ChessBase"]
[SourceDate "2013.08.26"]

1. b3 Nf6 2. Bb2 g6 3. Bxf6 exf6 4. d4 d5 5. e3 Bg7 6. Nf3 O-O 7. Nbd2 Be6 8.
Be2 Nd7 9. O-O f5 10. Rc1 c6 11. c4 Rc8 12. c5 Nf6 13. Ne5 Ne4 14. Ndf3 g5 15.
Nd3 g4 16. Nfe1 Bh6 17. g3 Rc7 18. Ng2 Kh8 19. b4 Bg5 20. Ndf4 Bxf4 21. Nxf4
Qg5 22. Qa4 a6 23. Qc2 h5 24. Ng2 Qe7 25. Bd3 Re8 26. a4 Rcc8 27. Rb1 Qd7 28.
Nh4 Rb8 29. Rb2 Qc7 30. Rfb1 Kg7 31. b5 axb5 32. axb5 Kf6 33. Ng2 Kg5 34. bxc6
bxc6 35. Rb6 Bd7 36. Nh4 Kf6 37. Kg2 Rg8 38. Qb2 Rxb6 39. cxb6 Qb8 40. Ra1 Nd6
41. Qb4 Re8 42. Ra7 Re7 43. b7 Be8 44. Ra8 1-0

[Event "35t. Copenhagen Open (Politiken Cup)"]
[Site "Elsinore"]
[Date "2013.08.03"]
[Round "9"]
[White "Kearsley, Raymond J"]
[Black "Hansen, Martin Mandrup"]
[Result "1-0"]
[WhiteElo "1764"]
[BlackElo "1537"]
[PlyCount "51"]
[EventDate "2013.07.27"]
[EventType "swiss"]
[EventRounds "10"]
[EventCountry "DEN"]
[Source "ChessBase"]
[SourceDate "2013.08.26"]

1. e4 e6 2. d4 d5 3. e5 c5 4. c3 Nc6 5. Nf3 Qb6 6. Bd3 Bd7 7. O-O cxd4 8. cxd4
Nxd4 9. Nxd4 Qxd4 10. Nc3 Qxe5 11. Re1 Qc7 12. Nxd5 Qd8 13. Bf4 Rc8 14. Qb3 Bc6
15. Bc4 Ne7 16. Nxe7 Bxe7 17. Rad1 Qb6 18. Bxe6 Qxb3 19. Bxb3 Bd7 20. Bd6 Be6
21. Bxe6 fxe6 22. Rxe6 Kd7 23. Rxe7+ Kc6 24. Be5 Rcd8 25. Rxd8 Rxd8 26. g3 1-0

[Event "35t. Copenhagen Open (Politiken Cup)"]
[Site "Elsinore"]
[Date "2013.08.03"]
[Round "9"]
[White "Klitgaard, Ebbe"]
[Black "Merkesvik, Frode"]
[Result "1-0"]
[WhiteElo "1935"]
[BlackElo "1611"]
[PlyCount "87"]
[EventDate "2013.07.27"]
[EventType "swiss"]
[EventRounds "10"]
[EventCountry "DEN"]
[Source "ChessBase"]
[SourceDate "2013.08.26"]

1. c4 Nf6 2. Nc3 g6 3. g3 Bg7 4. Bg2 Nc6 5. e3 b6 6. Nge2 Bb7 7. d4 e6 8. O-O
O-O 9. b3 Rb8 10. Bb2 Na5 11. Qc2 Bxg2 12. Kxg2 Nb7 13. Rfd1 c6 14. Rac1 Re8
15. e4 d5 16. cxd5 cxd5 17. e5 Nh5 18. Qd2 Bf8 19. Nb5 a6 20. Nc7 Re7 21. Nxa6
Rc8 22. Ba3 Rd7 23. Bxf8 Qxf8 24. Rxc8 Qxc8 25. Rc1 Qa8 26. Nc7 Qa5 27. b4 Qa7
28. Nb5 Qb8 29. Qc2 Qf8 30. a3 Nd8 31. Qc8 Qe7 32. Rc6 h6 33. Rxb6 Kh7 34. Rd6
Rxd6 35. Nxd6 f6 36. b5 fxe5 37. dxe5 Ng7 38. b6 h5 39. b7 Nxb7 40. Qxb7 Qg5
41. Ne8 Qxe5 42. Qxg7+ Qxg7 43. Nxg7 Kxg7 44. a4 1-0

[Event "35t. Copenhagen Open (Politiken Cup)"]
[Site "Elsinore"]
[Date "2013.08.03"]
[Round "9"]
[White "Kopperberg, Steen"]
[Black "Rasmussen, Arne"]
[Result "1-0"]
[WhiteElo "1777"]
[BlackElo "1503"]
[PlyCount "81"]
[EventDate "2013.07.27"]
[EventType "swiss"]
[EventRounds "10"]
[EventCountry "DEN"]
[Source "ChessBase"]
[SourceDate "2013.08.26"]

1. d4 Nf6 2. Nf3 g6 3. Bg5 Bg7 4. Nbd2 O-O 5. c3 d6 6. e3 Bf5 7. Qb3 Qc8 8.
Bxf6 Bxf6 9. e4 Bd7 10. h4 h5 11. Bd3 e5 12. O-O-O Nc6 13. d5 Ne7 14. Kb1 a6
15. Rc1 b5 16. Rc2 Qe8 17. c4 bxc4 18. Rxc4 Qd8 19. Rhc1 Bb5 20. Rxc7 Qb8 21.
Bxb5 Qxb5 22. Qxb5 axb5 23. Rb7 Rab8 24. Rcc7 Rfe8 25. Rd7 Kf8 26. Rxb8 Rxb8
27. Rxd6 Ng8 28. Nb3 Ke8 29. Rc6 b4 30. Nc5 Bg7 31. Na6 Rd8 32. Nxb4 Ne7 33.
Rc7 Rd6 34. Nd2 Kd8 35. Rc5 Bf8 36. Nc4 Rf6 37. f3 Rf4 38. Nxe5 Rxh4 39. d6
Rh1+ 40. Kc2 Ng8 41. Nbc6+ 1-0

[Event "35t. Copenhagen Open (Politiken Cup)"]
[Site "Elsinore"]
[Date "2013.08.03"]
[Round "9"]
[White "Kristensen, Bjarke Hautop"]
[Black "Jepsen, Thomas Tange"]
[Result "0-1"]
[WhiteElo "1921"]
[BlackElo "2079"]
[PlyCount "88"]
[EventDate "2013.07.27"]
[EventType "swiss"]
[EventRounds "10"]
[EventCountry "DEN"]
[Source "ChessBase"]
[SourceDate "2013.08.26"]

1. d4 Nf6 2. c4 g6 3. Nc3 Bg7 4. e4 d6 5. f3 O-O 6. Be3 e5 7. Nge2 Nc6 8. d5
Ne7 9. g4 Ne8 10. Ng3 f5 11. gxf5 gxf5 12. Nh5 Ng6 13. Nxg7 Nxg7 14. Qd2 fxe4
15. fxe4 Bg4 16. Bg5 Qd7 17. Rg1 Kh8 18. Ne2 Bf3 19. Qe3 Qa4 20. Rg3 Bxe2 21.
Qxe2 Rf7 22. b3 Qa3 23. Bc1 Qa6 24. Be3 Raf8 25. O-O-O Nf4 26. Qd2 Nxd5 27.
exd5 Rxf1 28. Rxg7 Qa3+ 29. Kb1 Rxd1+ 30. Qxd1 Kxg7 31. Qg1+ Kh8 32. Bh6 Rf7
33. h4 Qc5 34. Be3 Qa5 35. Kb2 c6 36. Qg4 Qc7 37. dxc6 bxc6 38. Bh6 Qd7 39. Qg5
Qe7 40. Qg4 Qe8 41. Qe4 Qe6 42. Bg5 d5 43. cxd5 cxd5 44. Qg2 h6 0-1

[Event "35t. Copenhagen Open (Politiken Cup)"]
[Site "Elsinore"]
[Date "2013.08.03"]
[Round "9"]
[White "Kristiansen, Jens"]
[Black "Gandrud, Vegar Koi"]
[Result "1-0"]
[WhiteElo "2396"]
[BlackElo "2267"]
[PlyCount "115"]
[EventDate "2013.07.27"]
[EventType "swiss"]
[EventRounds "10"]
[EventCountry "DEN"]
[Source "ChessBase"]
[SourceDate "2013.08.26"]

1. d4 Nf6 2. c4 c5 3. d5 b5 4. cxb5 a6 5. e3 Bb7 6. Nc3 axb5 7. Bxb5 Nxd5 8.
Nxd5 e6 9. Bc4 exd5 10. Bxd5 Bxd5 11. Qxd5 Nc6 12. Bd2 Be7 13. Ne2 Qb8 14. Bc3
Nb4 15. Bxb4 Qxb4+ 16. Qd2 Qb7 17. O-O O-O 18. Nc3 Bf6 19. Rab1 Qb4 20. Qd3
Bxc3 21. bxc3 Qa4 22. Rb2 Rfb8 23. Rfb1 Rxb2 24. Rxb2 g6 25. h3 Qa3 26. Rb7
Qxa2 27. Rxd7 Qa1+ 28. Kh2 Rf8 29. c4 Qf6 30. f4 Re8 31. Rd5 Rc8 32. Rd6 Qe7
33. e4 Qh4 34. Qg3 Qe7 35. e5 Rf8 36. Qe3 Rc8 37. Qd3 Qh4 38. Rf6 Rf8 39. Qd5
g5 40. fxg5 Qxg5 41. Rf3 Qe7 42. Rg3+ Kh8 43. Qd6 Re8 44. Qf6+ Qxf6 45. exf6
Re6 46. Rg5 Rc6 47. Kg3 h6 48. Rf5 Kh7 49. Kg4 Kg6 50. h4 Rxf6 51. h5+ Kg7 52.
Rxf6 Kxf6 53. Kf4 Ke6 54. g4 Kf6 55. g5+ Kg7 56. Kf5 Kh7 57. Kf6 Kh8 58. gxh6
1-0

[Event "35t. Copenhagen Open (Politiken Cup)"]
[Site "Elsinore"]
[Date "2013.08.03"]
[Round "9"]
[White "Larsen, Jens Evald"]
[Black "Nielsen, Bjorn"]
[Result "1-0"]
[WhiteElo "1533"]
[BlackElo "1458"]
[PlyCount "85"]
[EventDate "2013.07.27"]
[EventType "swiss"]
[EventRounds "10"]
[EventCountry "DEN"]
[Source "ChessBase"]
[SourceDate "2013.08.26"]

1. d4 d5 2. c4 dxc4 3. e3 e6 4. Bxc4 Bb4+ 5. Bd2 Bxd2+ 6. Nxd2 Nc6 7. Ngf3 Na5
8. Be2 b6 9. O-O Nf6 10. Rc1 O-O 11. Ne5 Bb7 12. b4 Bd5 13. bxa5 Bxa2 14. Bc4
Bxc4 15. Ndxc4 b5 16. Nd2 a6 17. Rc6 Ne8 18. Nb3 Qe7 19. Nc5 Kh8 20. Rxa6 Rxa6
21. Nxa6 Qd6 22. Nc5 c6 23. Ncd7 f6 24. Qf3 Kg8 25. Qxc6 Qxc6 26. Nxc6 Rf7 27.
Nb6 Nc7 28. Ra1 Rf8 29. Kf1 h6 30. Ke2 Kf7 31. Kd2 Na6 32. Rb1 b4 33. Nxb4 Nxb4
34. Rxb4 Rd8 35. Na4 e5 36. a6 g6 37. Rb7+ Ke6 38. a7 exd4 39. Rb8 Rd6 40. Rb6
dxe3+ 41. Kxe3 g5 42. Rxd6+ Kxd6 43. a8=Q 1-0

[Event "35t. Copenhagen Open (Politiken Cup)"]
[Site "Elsinore"]
[Date "2013.08.03"]
[Round "9"]
[White "Larsen, Preben R"]
[Black "Andersen, Rune"]
[Result "0-1"]
[WhiteElo "1836"]
[BlackElo "2083"]
[PlyCount "68"]
[EventDate "2013.07.27"]
[EventType "swiss"]
[EventRounds "10"]
[EventCountry "DEN"]
[Source "ChessBase"]
[SourceDate "2013.08.26"]

1. e4 c5 2. Nf3 Nc6 3. d4 cxd4 4. Nxd4 Nf6 5. Nc3 e5 6. Nb3 Be7 7. Bc4 O-O 8.
Bg5 a6 9. a4 d6 10. O-O Be6 11. Bxf6 Bxf6 12. Nd5 Bg5 13. Qd3 Rc8 14. c3 Kh8
15. Ne3 Bxe3 16. Bxe6 Bxf2+ 17. Rxf2 fxe6 18. Rxf8+ Qxf8 19. Rf1 Qe7 20. Nd2
Rf8 21. Rxf8+ Qxf8 22. b4 Qd8 23. Kf1 d5 24. b5 axb5 25. Qxb5 Qd7 26. Ke1 d4
27. c4 Qe7 28. c5 h6 29. Kd1 Qc7 30. Nc4 Qf7 31. Nd6 Qh5+ 32. Kd2 Qg5+ 33. Kd1
Qxg2 34. Qxb7 d3 0-1

[Event "35t. Copenhagen Open (Politiken Cup)"]
[Site "Elsinore"]
[Date "2013.08.03"]
[Round "9"]
[White "Leutwyler, Martin"]
[Black "Wiberg, Jonas"]
[Result "1-0"]
[WhiteElo "2180"]
[BlackElo "1877"]
[PlyCount "67"]
[EventDate "2013.07.27"]
[EventType "swiss"]
[EventRounds "10"]
[EventCountry "DEN"]
[Source "ChessBase"]
[SourceDate "2013.08.26"]

1. d4 d5 2. Nf3 Nf6 3. c4 e6 4. g3 c6 5. Bg2 Nbd7 6. Qc2 Ne4 7. O-O f5 8. b3
Be7 9. Ba3 O-O 10. Bxe7 Qxe7 11. Nbd2 Nxd2 12. Qxd2 Rf6 13. b4 Rb8 14. a4 Qd6
15. c5 Qc7 16. Qf4 Qxf4 17. gxf4 b6 18. b5 Bb7 19. Rfc1 Rc8 20. Rc2 h6 21. cxb6
axb6 22. Rac1 c5 23. Ne5 Nxe5 24. fxe5 Rff8 25. dxc5 bxc5 26. Rxc5 Rxc5 27.
Rxc5 Ra8 28. Rc7 Bc8 29. a5 Kf8 30. e3 Ke8 31. b6 g5 32. b7 Bxb7 33. Rxb7 Rxa5
34. Rh7 1-0

[Event "35t. Copenhagen Open (Politiken Cup)"]
[Site "Elsinore"]
[Date "2013.08.03"]
[Round "9"]
[White "Lindgren, Philip"]
[Black "Bekker Jensen, Simon"]
[Result "0-1"]
[WhiteElo "2287"]
[BlackElo "2414"]
[PlyCount "86"]
[EventDate "2013.07.27"]
[EventType "swiss"]
[EventRounds "10"]
[EventCountry "DEN"]
[Source "ChessBase"]
[SourceDate "2013.08.26"]

1. d4 Nf6 2. c4 g6 3. Nc3 Bg7 4. e4 d6 5. Bd3 O-O 6. Nge2 Nc6 7. O-O Nh5 8. Be3
e5 9. d5 Ne7 10. Qd2 f5 11. exf5 gxf5 12. Ng3 Nxg3 13. fxg3 Ng6 14. Kh1 Bd7 15.
Rf2 c5 16. Raf1 e4 17. Be2 Qe7 18. Nd1 Rae8 19. Bh6 Qe5 20. Bh5 Rf7 21. Bxg7
Kxg7 22. Ne3 Ref8 23. Bd1 Rf6 24. a3 Qd4 25. Qc1 a5 26. Bc2 h5 27. Bb1 h4 28.
Qc3 hxg3 29. hxg3 Ne5 30. Kg1 Rh8 31. Rd2 Nd3 32. Qxd4 cxd4 33. Nd1 Rfh6 34.
Rxd3 Rh1+ 35. Kf2 Rxf1+ 36. Kxf1 Rh1+ 37. Ke2 exd3+ 38. Bxd3 Rg1 39. Nf2 Rxg2
40. Kf3 Rh2 41. Be2 Kf6 42. Nd3 Be8 43. Nf4 Bh5+ 0-1

[Event "35t. Copenhagen Open (Politiken Cup)"]
[Site "Elsinore"]
[Date "2013.08.03"]
[Round "9"]
[White "Louis, Thibault"]
[Black "Smerdon, David"]
[Result "0-1"]
[WhiteElo "2222"]
[BlackElo "2521"]
[PlyCount "122"]
[EventDate "2013.07.27"]
[EventType "swiss"]
[EventRounds "10"]
[EventCountry "DEN"]
[Source "ChessBase"]
[SourceDate "2013.08.26"]

1. e4 e6 2. d4 d5 3. e5 c5 4. c3 Nc6 5. Nf3 Bd7 6. Na3 f6 7. Bd3 cxd4 8. cxd4
Bb4+ 9. Bd2 Qa5 10. Nc2 Bxd2+ 11. Qxd2 Qxd2+ 12. Kxd2 Nh6 13. Rhe1 Nf7 14. Re2
a5 15. a4 Ke7 16. Rae1 Raf8 17. Bb5 fxe5 18. dxe5 Nfd8 19. Ke3 g5 20. Nxg5 Nxe5
21. Bxd7 Nxd7 22. f4 Nc5 23. Nd4 h6 24. Ngf3 Nf7 25. Rc2 Rc8 26. Rec1 b6 27.
Nb3 Nd6 28. Nxc5 bxc5 29. Ne5 Rhg8 30. g4 Ne4 31. h3 Rc7 32. Nd3 Kd6 33. Rd1
Rb7 34. Ne5 Rgb8 35. Nc4+ Kc7 36. f5 Rb3+ 37. Kf4 Ng5 38. Nxa5 Kd6 39. Nxb3
Rxb3 40. Rc3 e5+ 41. Kg3 Ne4+ 42. Kh4 Nxc3 43. bxc3 Rxc3 44. Ra1 e4 45. a5 Kc7
46. a6 Kb8 47. a7+ Ka8 48. g5 hxg5+ 49. Kxg5 Rxh3 50. Kf4 e3 51. f6 e2 52. Kg4
Rh6 53. Kf3 Rxf6+ 54. Kxe2 d4 55. Rc1 Rf5 56. Kd3 Kxa7 57. Kc4 Rf3 58. Kd5 Rc3
59. Rb1 Ka6 60. Kc6 Ka5 61. Kd5 Ka4 0-1

[Event "35t. Copenhagen Open (Politiken Cup)"]
[Site "Elsinore"]
[Date "2013.08.03"]
[Round "9"]
[White "Lund, Silas"]
[Black "Friedrich, Norbert"]
[Result "1-0"]
[WhiteElo "2421"]
[BlackElo "2305"]
[PlyCount "71"]
[EventDate "2013.07.27"]
[EventType "swiss"]
[EventRounds "10"]
[EventCountry "DEN"]
[Source "ChessBase"]
[SourceDate "2013.08.26"]

1. d4 d5 2. c4 c6 3. Nf3 Nf6 4. e3 e6 5. Bd3 Nbd7 6. O-O Be7 7. Nc3 O-O 8. e4
dxe4 9. Nxe4 c5 10. Nxc5 Nxc5 11. dxc5 Qc7 12. Qe2 Bxc5 13. b4 Bxb4 14. Bb2 Rd8
15. Rad1 Bd7 16. Be5 Qa5 17. Ng5 Ba4 18. Rb1 Bc6 19. Bxf6 gxf6 20. Nxh7 Be7 21.
Qg4+ Kh8 22. Qh4 Kg7 23. Rb3 Qxa2 24. Qg3+ Kh8 25. Qh3 Kg7 26. Rc3 Rxd3 27.
Rxd3 Be4 28. Qg3+ Bg6 29. Rd7 Bc5 30. Ng5 fxg5 31. Qe5+ Kh6 32. Qxc5 Qe2 33.
Rxb7 Be4 34. Rxf7 Bxg2 35. Kxg2 Qg4+ 36. Kh1 1-0

[Event "35t. Copenhagen Open (Politiken Cup)"]
[Site "Elsinore"]
[Date "2013.08.03"]
[Round "9"]
[White "Maagaard, David Bille"]
[Black "Sorensen, Bernhard W"]
[Result "1-0"]
[WhiteElo "1821"]
[BlackElo "1591"]
[PlyCount "91"]
[EventDate "2013.07.27"]
[EventType "swiss"]
[EventRounds "10"]
[EventCountry "DEN"]
[Source "ChessBase"]
[SourceDate "2013.08.26"]

1. d4 e6 2. c4 b6 3. Nc3 Bb4 4. Bd2 Bb7 5. a3 Bxc3 6. Bxc3 Nf6 7. f3 d5 8. e3
O-O 9. b3 Nbd7 10. Bd3 c5 11. Ne2 Re8 12. O-O Rc8 13. Rc1 Nh5 14. dxc5 Nxc5 15.
Bb1 dxc4 16. Qc2 g6 17. bxc4 Qc7 18. g4 Ng7 19. Bf6 e5 20. Ba2 Nd7 21. Bh4 Re6
22. Bg3 Rc6 23. Nd4 Rc5 24. Qb3 a6 25. Ne2 Qd8 26. e4 Ne8 27. Bf2 R5c7 28. Rfd1
Qf6 29. Kg2 Nc5 30. Qb2 Nxe4 31. fxe4 Bxe4+ 32. Kf1 Qf3 33. Rc3 Qh1+ 34. Ng1
Qxh2 35. Rg3 Qh6 36. Qxe5 Bb7 37. Bxb6 Rc6 38. Be3 Rf6+ 39. Qxf6 Qh2 40. Qf2
Qh1 41. c5 Rc7 42. Rd8 Kf8 43. Rh3 Qe4 44. Bh6+ Ke7 45. Rxe8+ Kxe8 46. Re3 1-0

[Event "35t. Copenhagen Open (Politiken Cup)"]
[Site "Elsinore"]
[Date "2013.08.03"]
[Round "9"]
[White "Madison, Sigurd"]
[Black "Rasmussen, Morten(1956)"]
[Result "0-1"]
[WhiteElo "1792"]
[BlackElo "1921"]
[PlyCount "94"]
[EventDate "2013.07.27"]
[EventType "swiss"]
[EventRounds "10"]
[EventCountry "DEN"]
[Source "ChessBase"]
[SourceDate "2013.08.26"]

1. e4 c5 2. Nf3 e6 3. d4 cxd4 4. Nxd4 Nc6 5. Nb3 Nf6 6. Nc3 a6 7. Bd2 d5 8.
exd5 Nxd5 9. Be2 Be7 10. Ne4 Qc7 11. O-O O-O 12. Ng3 Rd8 13. Re1 Ne5 14. Qc1
Nc4 15. Bxc4 Qxc4 16. Re4 Qc6 17. a3 b6 18. Re1 Bb7 19. f3 Rac8 20. c3 Qc7 21.
Ne2 Bd6 22. h3 e5 23. Ng3 Bc6 24. Nf5 Ba4 25. c4 Qxc4 26. Qxc4 Rxc4 27. Nxd6
Rxd6 28. Nc1 Rd4 29. Bb4 Nxb4 30. axb4 Rd1 31. Kf2 Bb5 32. Rxe5 f6 33. Re7
R6d2+ 34. Kg3 Rxb2 35. Ra3 Rxc1 36. Rb7 Rcc2 37. Re3 Rxg2+ 38. Kf4 Rxb4+ 39.
Kf5 Rg5+ 40. Ke6 Bc4+ 41. Ke7 h6 42. Rb8+ Kh7 43. h4 Rg2 44. Kf8 Kg6 45. Ra3
Kf5 46. Re8 Re2 47. Rd8 Rb3 0-1

[Event "35t. Copenhagen Open (Politiken Cup)"]
[Site "Elsinore"]
[Date "2013.08.03"]
[Round "9"]
[White "Marshall, Michael"]
[Black "Kristensen, Lars Ostergaard"]
[Result "1-0"]
[WhiteElo "1839"]
[BlackElo "1666"]
[PlyCount "85"]
[EventDate "2013.07.27"]
[EventType "swiss"]
[EventRounds "10"]
[EventCountry "DEN"]
[Source "ChessBase"]
[SourceDate "2013.08.26"]

1. c4 c5 2. g3 Nc6 3. Bg2 Nf6 4. Nc3 e6 5. e4 Be7 6. Nge2 O-O 7. O-O Qb6 8. d3
d6 9. Rb1 a5 10. h3 Bd7 11. Be3 Nd4 12. b3 Bc6 13. a3 e5 14. f4 Qc7 15. Kh2 Bd7
16. f5 h6 17. g4 Nh7 18. Ng3 Qd8 19. Nd5 Bg5 20. Qd2 Bc6 21. Bxg5 Qxg5 22. Qxg5
Nxg5 23. h4 Nh7 24. f6 Bxd5 25. fxg7 Kxg7 26. exd5 b6 27. Nh5+ Kh8 28. Be4 Ra7
29. Bxh7 Kxh7 30. Nf6+ Kg6 31. Ne4 f5 32. gxf5+ Nxf5 33. Nxd6 Rf6 34. Nxf5 Raf7
35. Ng3 Rf2+ 36. Rxf2 Rxf2+ 37. Kh3 Rd2 38. h5+ Kf7 39. Rf1+ Ke8 40. Rb1 Rxd3
41. Kg4 Kd7 42. Nf5 Rd2 43. Nxh6 1-0

[Event "35t. Copenhagen Open (Politiken Cup)"]
[Site "Elsinore"]
[Date "2013.08.03"]
[Round "9"]
[White "Martinez Vestergaard, Kristian"]
[Black "Fossan, Andreas"]
[Result "1-0"]
[WhiteElo "1809"]
[BlackElo "1622"]
[PlyCount "119"]
[EventDate "2013.07.27"]
[EventType "swiss"]
[EventRounds "10"]
[EventCountry "DEN"]
[Source "ChessBase"]
[SourceDate "2013.08.26"]

1. e4 c6 2. d4 d5 3. e5 Bf5 4. Ne2 e6 5. Ng3 Bg6 6. h4 h6 7. h5 Bh7 8. Bd3 Bxd3
9. Qxd3 c5 10. c3 Nc6 11. O-O cxd4 12. cxd4 Qb6 13. Be3 Nge7 14. a3 Na5 15. Nd2
Rc8 16. b3 Qa6 17. Qxa6 bxa6 18. Rac1 Kd7 19. b4 Nb7 20. Nb3 Nc6 21. Rc2 Be7
22. Rfc1 Bh4 23. Ne2 Be7 24. f4 Rhf8 25. g4 g6 26. Kh2 gxh5 27. gxh5 Rg8 28.
Kh3 f5 29. Rg1 Rxg1 30. Nxg1 Rg8 31. Nf3 Rg4 32. Rg2 Rxg2 33. Kxg2 Ke8 34. Nc5
Nxc5 35. dxc5 Kd7 36. Kf1 Kc7 37. Ke1 Kb7 38. Kd2 Kc7 39. Bf2 Kd7 40. Kc3 Kc7
41. Kb3 d4 42. Bxd4 Bh4 43. Be3 Bg3 44. Kc4 Ne7 45. Nd4 Kd7 46. Ne2 Nd5 47.
Nxg3 Nxe3+ 48. Kd3 Nd5 49. Ne2 Kc7 50. Kc4 Ne3+ 51. Kb3 Nd5 52. Ka4 Kb7 53. Ka5
Nc7 54. Nd4 Kb8 55. Nc6+ Kc8 56. Ne7+ Kd7 57. Ng8 Nd5 58. Nxh6 Nxf4 59. Kxa6
Nxh5 60. Kb7 1-0

[Event "35t. Copenhagen Open (Politiken Cup)"]
[Site "Elsinore"]
[Date "2013.08.03"]
[Round "9"]
[White "Maze, Sebastien"]
[Black "Schou Moldt, Thomas"]
[Result "1-0"]
[WhiteElo "2547"]
[BlackElo "2202"]
[PlyCount "149"]
[EventDate "2013.07.27"]
[EventType "swiss"]
[EventRounds "10"]
[EventCountry "DEN"]
[Source "ChessBase"]
[SourceDate "2013.08.26"]

1. e4 g6 2. d4 d6 3. Nf3 Bg7 4. Bc4 c5 5. Nc3 cxd4 6. Nxd4 Nc6 7. Be3 Nf6 8. f3
Bd7 9. Bb3 Rc8 10. Qd2 h5 11. O-O Na5 12. Qe2 a6 13. Qf2 Nc4 14. Bxc4 Rxc4 15.
Rad1 Rxc3 16. bxc3 O-O 17. c4 Qc8 18. Qe2 Ba4 19. Nb3 Nd7 20. Rfe1 Bc3 21. Rf1
Ne5 22. Bd4 Bxd4+ 23. Rxd4 b5 24. c5 Bxb3 25. cxb3 Qxc5 26. Qf2 Rc8 27. Rd2
Qxf2+ 28. Kxf2 Kf8 29. Re1 Rc3 30. Re3 Rc1 31. Ree2 Ke8 32. Rc2 Rh1 33. Rc7
Nd3+ 34. Ke3 Nc5 35. b4 Ne6 36. Ra7 Rb1 37. Rc2 f5 38. Rxa6 fxe4 39. fxe4 Rxb4
40. e5 Nc5 41. Ra8+ Kd7 42. exd6 exd6 43. Rg8 Re4+ 44. Kf3 Re6 45. Kf4 Ke7 46.
Kg5 Kf7 47. Rb8 Kg7 48. Kh4 Re3 49. g3 Kh6 50. Rh8+ Kg7 51. Rd8 Rd3 52. Kh3 Ne6
53. Rd7+ Kf6 54. Kg2 h4 55. Rb7 hxg3 56. hxg3 Nd4 57. Rf2+ Kg5 58. Kh2 Kg4 59.
Rf4+ Kg5 60. Kh3 Nf5 61. Rg4+ Kf6 62. Rxb5 Rd2 63. Ra5 Rd1 64. Rb4 Rd2 65. Ra8
Rd3 66. Rb3 Rd1 67. a4 d5 68. a5 d4 69. Rd8 Rh1+ 70. Kg2 Ra1 71. Rb6+ Kg5 72.
Rg8 Ra2+ 73. Kh3 Ra3 74. Rbxg6+ Kh5 75. Rg5+ 1-0

[Event "35t. Copenhagen Open (Politiken Cup)"]
[Site "Elsinore"]
[Date "2013.08.03"]
[Round "9"]
[White "Merkesvik, Sondre"]
[Black "Ochsner, Bjorn Moller"]
[Result "0-1"]
[WhiteElo "1980"]
[BlackElo "2343"]
[PlyCount "72"]
[EventDate "2013.07.27"]
[EventType "swiss"]
[EventRounds "10"]
[EventCountry "DEN"]
[Source "ChessBase"]
[SourceDate "2013.08.26"]

1. Nf3 c5 2. g3 Nc6 3. d4 cxd4 4. Nxd4 g6 5. Bg2 Bg7 6. Nxc6 bxc6 7. O-O Rb8 8.
c4 Rxb2 9. Bxb2 Bxb2 10. Nd2 Bxa1 11. Qxa1 Nf6 12. Ne4 O-O 13. Nxf6+ exf6 14.
e3 Qe7 15. Qd4 c5 16. Qd3 d6 17. h4 Ba6 18. Rb1 Rd8 19. Bd5 Bc8 20. h5 Kg7 21.
e4 Bg4 22. hxg6 hxg6 23. Rb7 Rd7 24. Rb8 Qe5 25. Kg2 Qh5 26. Ra8 Re7 27. Qb3
Bh3+ 28. Kg1 Qe2 29. Qb1 Re5 30. Rxa7 Qf3 31. Rxf7+ Kh6 32. Qc1+ g5 33. Rxf6+
Qxf6 34. Qe3 Re7 35. f3 Be6 36. f4 gxf4 0-1

[Event "35t. Copenhagen Open (Politiken Cup)"]
[Site "Elsinore"]
[Date "2013.08.03"]
[Round "9"]
[White "Mihajlov, Sebastian"]
[Black "Cherednichenko, Svetlana"]
[Result "1/2-1/2"]
[WhiteElo "2138"]
[BlackElo "2290"]
[PlyCount "47"]
[EventDate "2013.07.27"]
[EventType "swiss"]
[EventRounds "10"]
[EventCountry "DEN"]
[Source "ChessBase"]
[SourceDate "2013.08.26"]

1. d4 g6 2. c4 Bg7 3. Nf3 d6 4. Nc3 Nf6 5. e4 O-O 6. h3 Nbd7 7. Be3 e5 8. d5
Nc5 9. Nd2 a5 10. g4 c6 11. Be2 Rb8 12. h4 cxd5 13. cxd5 b5 14. g5 Nh5 15. Bxc5
dxc5 16. Bxh5 gxh5 17. Qxh5 c4 18. Nd1 f5 19. Rg1 Kh8 20. Ne3 f4 21. Ng4 Qd6
22. Nh6 Qg6 23. Qxg6 hxg6 24. Ke2 1/2-1/2

[Event "35t. Copenhagen Open (Politiken Cup)"]
[Site "Elsinore"]
[Date "2013.08.03"]
[Round "9"]
[White "Narheim, Mats"]
[Black "Thybo, Thomas Sondergaard"]
[Result "1-0"]
[WhiteElo "1315"]
[BlackElo "1512"]
[PlyCount "67"]
[EventDate "2013.07.27"]
[EventType "swiss"]
[EventRounds "10"]
[EventCountry "DEN"]
[Source "ChessBase"]
[SourceDate "2013.08.26"]

1. e4 c6 2. Nf3 d5 3. e5 c5 4. d4 Bg4 5. c3 Nc6 6. Be3 cxd4 7. cxd4 e6 8. Bb5
Bb4+ 9. Nc3 Nge7 10. O-O Rc8 11. h3 Bh5 12. Bg5 O-O 13. Bxc6 Rxc6 14. Rc1 Qb6
15. Na4 Qc7 16. a3 Ba5 17. b4 Rxc1 18. Qxc1 Qxc1 19. Rxc1 Bxf3 20. Bxe7 Re8 21.
gxf3 h6 22. bxa5 Rxe7 23. Rc8+ Kh7 24. Ra8 a6 25. Ra7 Kg6 26. Nc5 Kf5 27. Rxb7
Rxb7 28. Nxb7 f6 29. exf6 gxf6 30. Nc5 e5 31. dxe5 fxe5 32. Nxa6 Ke6 33. Nc5+
Kd6 34. Nd3 1-0

[Event "35t. Copenhagen Open (Politiken Cup)"]
[Site "Elsinore"]
[Date "2013.08.03"]
[Round "9"]
[White "Nielsen, Kai Gylling"]
[Black "Morkedal, Oyvind"]
[Result "1-0"]
[WhiteElo "1833"]
[BlackElo "1628"]
[PlyCount "45"]
[EventDate "2013.07.27"]
[EventType "swiss"]
[EventRounds "10"]
[EventCountry "DEN"]
[Source "ChessBase"]
[SourceDate "2013.08.26"]

1. Nf3 d5 2. d4 Nf6 3. c4 c6 4. Nc3 dxc4 5. e4 b5 6. Qc2 Bg4 7. e5 Nd5 8. Qe4
Bxf3 9. Qxf3 e6 10. Be2 Nd7 11. O-O Be7 12. a4 a6 13. Bd2 O-O 14. Qg4 Re8 15.
f4 Nxc3 16. bxc3 Nb6 17. f5 Bf8 18. f6 g6 19. Qh3 Nd5 20. Bh6 Nxc3 21. Bxf8
Nxe2+ 22. Kh1 h5 23. Qe3 1-0